000 00761cam a2200253 a 4500
001 000018832
005 20200929165850.0
008 920902s1967 sp 000 f spa d
040 _aDO-SdBNP
_cDLC
_dDLC
_dBNPHU
082 _a863.64
_bD353so, 1967
100 1 _aDelibes, Miguel,
_d1920-2010
_93297
245 1 3 _aLa sombra del Ciprés es alargada /
_cMiguel Delibes.
250 _a7a ed.
260 _aBarcelona :
_bDestino,
_c1967.
300 _a278 p. ;
_c19 cm.
490 1 _aÁncora y delfín
_v38
586 _aPremio Eugenio Nadal 1947.
650 4 _aNovela española
_91123
650 4 _aLiteratura española
_ySIGLO XX
_93326
830 0 _aÁncora y delfín ;
_v38
_94704
910 _aCatalogación derivada / LC
910 _aWM
049 _aBNGR
999 _c18352
_d18352